La experiencia histórica sublime (Record no. 151926)
[ view plain ]
| 000 -LEADER | |
|---|---|
| fixed length control field | nam a22 7a 4500 |
| 005 - DATE AND TIME OF LATEST TRANSACTION | |
| control field | 20191018102540.0 |
| 008 - FIXED-LENGTH DATA ELEMENTS--GENERAL INFORMATION | |
| fixed length control field | 191010b mx ||||| |||| 00| 0 spa d |
| 020 ## - INTERNATIONAL STANDARD BOOK NUMBER | |
| International Standard Book Number | 9786074171167 |
| 050 04 - LIBRARY OF CONGRESS CALL NUMBER | |
| Classification number | D16.8 |
| Item number | A55 2010 |
| 100 1# - MAIN ENTRY--PERSONAL NAME | |
| Personal name | Ankersmit, Frank. |
| 240 13 - UNIFORM TITLE | |
| Uniform title | De sublieme historische ervaring. |
| Language of a work | Español. |
| 245 13 - TITLE STATEMENT | |
| Title | La experiencia histórica sublime |
| Statement of responsibility, etc | / Frank Ankersmit ; traducción del neerlandés Nathalie Schwan. |
| 250 ## - EDITION STATEMENT | |
| Edition statement | 1a ed. |
| 260 ## - PUBLICATION, DISTRIBUTION, ETC. (IMPRINT) | |
| Place of publication, distribution, etc | México : |
| Name of publisher, distributor, etc | Universidad Iberoamericana, |
| Date of publication, distribution, etc | 2010. |
| 300 ## - PHYSICAL DESCRIPTION | |
| Extent | 415 p. ; |
| Dimensions | 23 cm. |
| 490 0# - SERIES STATEMENT | |
| Series statement | El oficio de la historia. |
| 490 0# - SERIES STATEMENT | |
| Series statement | Biblioteca Francisco Xavier Clavijero |
| 500 ## - GENERAL NOTE | |
| General note | Incluye índice. |
| 650 #7 - SUBJECT ADDED ENTRY--TOPICAL TERM | |
| Source of heading or term | lemb |
| Topical term or geographic name as entry element | Historia |
| General subdivision | Filosofía |
| 700 1# - ADDED ENTRY--PERSONAL NAME | |
| Personal name | Schwan, Nathalie, |
| Relator term | traductor |
| 942 ## - ADDED ENTRY ELEMENTS (KOHA) | |
| Source of classification or shelving scheme | Biblioteca del Cogreso de los Estados Unidos |
| Koha item type | Libro |
| Estado de pérdida | Fuente de clasificación | Estado del daño | No para préstamo | Ubicación permanente | Ubicación actual | Apartado o colección | Fecha de adquisición | Fuente de adquisición | Edición | Área del conocimiento | Clasificación | Código de Barras | Date last seen | Número de copia | Costo por reposición | Tipo de recurso | Dependencia de educación superior (DES) | Total Checkouts |
|---|---|---|---|---|---|---|---|---|---|---|---|---|---|---|---|---|---|---|
| Biblioteca del Cogreso de los Estados Unidos | Biblioteca de la Unidad Profesional del Balsas | Biblioteca de la Unidad Profesional del Balsas | General | 10/10/2019 | Donación | 1a ed. | Ciencias Sociales y Administrativas | D16.8 A55 2010 | BUPB000000316 | 10/10/2019 | 1 | 1.00 | Libro | |||||
| Biblioteca del Cogreso de los Estados Unidos | Biblioteca del Instituto de Investigaciones Históricas | Biblioteca del Instituto de Investigaciones Históricas | General | 14/06/2021 | Donación | 1a ed. | Ciencias Sociales y Administrativas | D16.8 A55 2010 | IIH000008364 | 14/06/2021 | C:1 | 1.00 | Libro | Humanidades | ||||
| Biblioteca del Cogreso de los Estados Unidos | Biblioteca del Instituto de Investigaciones Históricas | Biblioteca del Instituto de Investigaciones Históricas | General | 14/06/2021 | Donación | 1a ed. | Ciencias Sociales y Administrativas | D16.8 A55 2010 | IIH000031273 | 17/09/2021 | C:2 | 1.00 | Libro | Humanidades |